| 000 -CABECERA |
| Longitud fija campo de control |
01037nam a22002415i 4500 |
| 003 - IDENTIFICADOR DEL NÚMERO DE CONTROL |
| Identificador del número de control |
OSt |
| 005 - FECHA Y HORA DE LA ÚLTIMA TRANSACCIÓN |
| Fecha y hora de la última transacción |
20211118112103.0 |
| 008 - CÓDIGOS DE INFORMACIÓN DE LONGITUD FIJA |
| Códigos de información de longitud fija |
211013s2021 sp 000 0 spa |
| 020 ## - NÚMERO INTERNACIONAL NORMALIZADO PARA LIBROS |
| Número Internacional Normalizado para Libros (ISBN) |
9788417600518 |
| 040 ## - FUENTE DE LA CATALOGACIÓN |
| Centro catalogador de origen |
DLC |
| Centro transcriptor |
CDMR |
| Lengua de catalogación |
cat |
| 111 2# - PUNTO DE ACCESO PRINCIPAL-NOMBRE DE CONGRESO |
| Nombre de congreso o jurisdicción como elemento de entrada |
Asociación de Historiadores de la Comunicación Spain. Congreso |
| Número del congreso o número de parte o sección de la obra |
(16è : |
| Fecha del congreso |
2019 : |
| Sede del congreso |
Santiago de Compostela) |
| 245 10 - MENCIÓN DE TÍTULO |
| Título |
Nuevas perspectivas historiográficas en comunicación : |
| Resto del título |
abordajes sobre la prensa en España, Portugal y América Latina / |
| Mención de responsabilidad, etc. |
Marta Rodríguez Castro, Carlos Toural Bran, Alberto Pena Rodríguez (editores). |
| 264 #1 - PRODUCCIÓN, PUBLICACIÓN , DISTRIBUCIÓN, FABRICACIÓN Y COPYRIGHT |
| Lugar de producción, publicación, distribución, fabricación |
Salamanca : |
| Nombre del productor, editor, distribuidor, fabricante |
Comunicación Social Ediciones y Publicaciones, |
| Fecha de de producción, publicación, distribución, fabricación o copyright |
2021. |
| 300 ## - DESCRIPCIÓN FÍSICA |
| Extensión |
214 pàgines; |
| Dimensiones |
22 cm. |
| 490 0# - MENCIÓN DE SERIE |
| Mención de serie |
Colección historia y presente ; |
| Designación de volumen o secuencia |
14 |
| 650 #0 - PUNTO DE ACCESO ADICIONAL DE MATERIA - TÉRMINO DE MATERIA |
| 9 (RLIN) |
3729 |
| Término de materia o nombre geográfico como elemento inicial |
Premsa |
| Subdivisión geográfica |
Espanya |
| Subdivisión de materia general |
Història |
| 650 #0 - PUNTO DE ACCESO ADICIONAL DE MATERIA - TÉRMINO DE MATERIA |
| 9 (RLIN) |
3505 |
| Término de materia o nombre geográfico como elemento inicial |
Premsa |
| Subdivisión geográfica |
Amèrica Llatina |
| Subdivisión de materia general |
Història |
| 650 #0 - PUNTO DE ACCESO ADICIONAL DE MATERIA - TÉRMINO DE MATERIA |
| 9 (RLIN) |
3747 |
| Término de materia o nombre geográfico como elemento inicial |
Premsa |
| Subdivisión geográfica |
Portugal |
| Subdivisión de materia general |
Història |
| 700 1# - PUNTO DE ACCESO ADICIONAL - NOMBRE DE PERSONA |
| Nombre de persona |
Rodríguez-Castro, Marta. |
| 700 1# - PUNTO DE ACCESO ADICIONAL - NOMBRE DE PERSONA |
| Nombre de persona |
Toural-Bran, Carlos. |
| 700 1# - PUNTO DE ACCESO ADICIONAL - NOMBRE DE PERSONA |
| Nombre de persona |
Pena Rodríguez, Alberto, |
| 942 ## - ENTRADA DE ELEMENTOS AGREGADOS (KOHA) |
| Fuente de clasificaión o esquema |
|
| Koha [por defecto] tipo de item |
Ponències / Comunicacions |